Okienka do Škandinávie (Record no. 22664)
[ view plain ]
| 000 -LEADER | |
|---|---|
| fixed length control field | 01486cam a2200433 a 4500 |
| 001 - CONTROL NUMBER | |
| control field | 22664 |
| 003 - CONTROL NUMBER IDENTIFIER | |
| control field | SK-KTurca |
| 005 - DATE AND TIME OF LATEST TRANSACTION | |
| control field | 20260415141059.0 |
| 008 - FIXED-LENGTH DATA ELEMENTS--GENERAL INFORMATION | |
| fixed length control field | 240226s1958 xo hoa jr 000 1 slo |
| 015 ## - NATIONAL BIBLIOGRAPHY NUMBER | |
| National bibliography number | SNBA1958/08-01084 |
| 020 ## - INTERNATIONAL STANDARD BOOK NUMBER | |
| Qualifying information | (viazané) |
| 035 ## - SYSTEM CONTROL NUMBER | |
| System control number | SNK000218392 |
| 035 ## - SYSTEM CONTROL NUMBER | |
| System control number | urn:nbn:sk:snk-am3i87f |
| 035 ## - SYSTEM CONTROL NUMBER | |
| System control number | C03AB893-CF52-420D-BBDB-BCE49E4F351F |
| 035 ## - SYSTEM CONTROL NUMBER | |
| System control number | urn:nbn:sk:snk-am00dx3v |
| 040 ## - CATALOGING SOURCE | |
| Original cataloging agency | SNK |
| Language of cataloging | slo |
| Transcribing agency | SNK |
| Description conventions | AACR2 |
| 041 0# - LANGUAGE CODE | |
| Language code of text/sound track or separate title | slo |
| 043 ## - GEOGRAPHIC AREA CODE | |
| Geographic area code | ev----- |
| 044 ## - COUNTRY OF PUBLISHING/PRODUCING ENTITY CODE | |
| MARC country code | xo |
| ISO country code | SK |
| 072 #7 - SUBJECT CATEGORY CODE | |
| Subject category code | 821.162.4-3 |
| Subject category code subdivision | Slovenská próza |
| Source | konspekt |
| 072 #7 - SUBJECT CATEGORY CODE | |
| Subject category code | 821-93 |
| Subject category code subdivision | Literatúra pre deti a mládež (beletria) |
| Source | konspekt |
| 080 ## - UNIVERSAL DECIMAL CLASSIFICATION NUMBER | |
| Universal Decimal Classification number | (48) |
| Edition identifier | 2011 |
| 100 1# - MAIN ENTRY--PERSONAL NAME | |
| Personal name | Vereš, Juraj, |
| Dates associated with a name | 1932-2009 |
| Relationship | aut |
| 245 10 - TITLE STATEMENT | |
| Title | Okienka do Škandinávie |
| Statement of responsibility, etc. | Vereš, Kalný ; [výtvarne spracoval T. Zádrapa] |
| 250 ## - EDITION STATEMENT | |
| Edition statement | 1. vyd. |
| 260 ## - PUBLICATION, DISTRIBUTION, ETC. | |
| Place of publication, distribution, etc. | Bratislava |
| Name of publisher, distributor, etc. | Slovenské vydavateľstvo politickej literatúry |
| Date of publication, distribution, etc. | 1958 |
| 300 ## - PHYSICAL DESCRIPTION | |
| Extent | 102 strán, [32] strán obrazových príloh |
| Other physical details | faksimile, fotografie, ilustrácie, noty, tabuľky |
| Dimensions | 25 cm |
| 366 ## - TRADE AVAILABILITY INFORMATION | |
| Note | 5000 kusov |
| 490 1# - SERIES STATEMENT | |
| Series statement | Politická beletria |
| 500 ## - GENERAL NOTE | |
| General note | Ilustrácie na titulnom liste a predsádkach |
| 651 #7 - SUBJECT ADDED ENTRY--GEOGRAPHIC NAME | |
| Geographic name | Škandinávia |
| Source of heading or term | SNKPHgeo |
| 655 #7 - INDEX TERM--GENRE/FORM | |
| Genre/form data or focus term | cestopisné reportáže |
| Source of term | SNKPH |
| 655 #7 - INDEX TERM--GENRE/FORM | |
| Genre/form data or focus term | literatúra pre mládež |
| Source of term | SNKPH |
| 700 1# - ADDED ENTRY--PERSONAL NAME | |
| Personal name | Kalný, Slavo, |
| Dates associated with a name | 1929-2022 |
| Relationship | aut |
| 700 1# - ADDED ENTRY--PERSONAL NAME | |
| Personal name | Zádrapa, Teodor |
| Relationship | ill |
| 830 #0 - SERIES ADDED ENTRY--UNIFORM TITLE | |
| Uniform title | Politická beletria |
| 942 ## - ADDED ENTRY ELEMENTS (KOHA) | |
| Source of classification or shelving scheme | Dewey Decimal Classification |
| Koha item type | Krásna literatúra pre dospelých |
| Suppress in OPAC | No |
| Stav vyradenia | Strata | Poškodenie | Spôsob nadobudnutia | Domovská knižnica | Aktuálna knižnica | Dátum nadobudnutia | Total checkouts | Čiarový kód exemplára | Date last seen | Typ exemplára |
|---|---|---|---|---|---|---|---|---|---|---|
| Dar | Obecná knižnica Horná Štubňa | Obecná knižnica Horná Štubňa | 15.04.2026 | 4736202212 | 15.04.2026 | Krásna literatúra pre dospelých |
